| 000 | 00548nam a22001697a 4500 | ||
|---|---|---|---|
| 008 | 230329b |||||||| |||| 00| 0 eng d | ||
| 020 | _a0-07-041267-7 | ||
| 040 |
_aNational Science Library _cNational Science Library |
||
| 080 |
_aD 681.324 _bP8 |
||
| 100 |
_aZacker, Craig _95666 |
||
| 245 |
_aUpgrading & troubleshooting networks: _bThe complete reference |
||
| 260 |
_aNew Delhi: _bTata Mcgraw-Hill Publishing Company Limited, _c2008 |
||
| 300 | _axxv, 918p. | ||
| 650 | _aNetworks | ||
| 653 | _aOSI reference model | ||
| 942 |
_2udc _cBK |
||
| 999 |
_c16227 _d16227 |
||